[Event "Veliko Gradiste Silver Lake op-B"]
[Site "Veliko Gradiste"]
[Date "2017.06.22"]
[Round "6"]
[White "Isak, Igor G"]
[Black "Pavlov, Vladimir"]
[Result "1-0"]
[WhiteElo "2075"]
[BlackElo "1923"]
[PlyCount "117"]
[EventDate "2017.06.18"]
[EventType "swiss"]
[EventRounds "9"]
[EventCountry "SRB"]
[SourceTitle "CBM 179 Extra"]
[Source "ChessBase"]
[SourceDate "2017.08.23"]
[SourceVersion "1"]
[SourceVersionDate "2017.08.23"]
[SourceQuality "1"]

1. d4 Nf6 2. Nf3 e6 3. g3 b6 4. Bg2 Bb7 5. 0-0 Be7 6. c4 d6 7. b3 Nbd7 8. Bb2 0-0 9. Nc3 c5 10. d5 e5 11. Nd2 Nh5 12. e4 g6 13. f4 exf4 14. gxf4 Bf6 15. Qc2 Bd4+ 16. Kh1 Qh4 17. Ne2 Bxb2 18. Qxb2 Rae8 19. e5 dxe5 20. f5 Qd8 21. Ne4 Ndf6 22. N2g3 Bc8 23. Rad1 Nxe4 24. Nxh5 Bxf5 25. Rxf5 Qh4 26. Rg1 gxf5 27. Bxe4+ Kh8 28. Bf3 Qd4 29. Qxd4 cxd4 30. Nf6 Rd8 31. Rg5 e4 32. Bh5 e3 33. Be2 Rd6 34. Rxf5 Kg7 35. Ne4 Rg6 36. Ng3 Kh8 37. Rf4 f5 38. Rxf5 Rxf5 39. Nxf5 Rf6 40. Nxd4 Kg8 41. Nf3 Kf8 42. Kg2 Ke7 43. Kf1 Kd6 44. Ke1 Kc5 45. Kd1 Kb4 46. Kc2 Ka3 47. Kb1 Rg6 48. h3 Rg2 49. Nd4 Kb4 50. Kc2 Kc5 51. Kd3 Rh2 52. b4+ Kd6 53. h4 a6 54. a4 Kc7 55. h5 Rh1 56. c5 bxc5 57. bxc5 a5 58. d6+ Kd8 59. c6 1-0

[Event "Veliko Gradiste Silver Lake op-B"]
[Site "Veliko Gradiste"]
[Date "2017.06.20"]
[Round "4"]
[White "Jakovljevic, Dejan"]
[Black "Pavlov, Vladimir"]
[Result "1-0"]
[WhiteElo "2062"]
[BlackElo "1923"]
[PlyCount "49"]
[EventDate "2017.06.18"]
[EventType "swiss"]
[EventRounds "9"]
[EventCountry "SRB"]
[SourceTitle "CBM 179 Extra"]
[Source "ChessBase"]
[SourceDate "2017.08.23"]
[SourceVersion "1"]
[SourceVersionDate "2017.08.23"]
[SourceQuality "1"]

1. e4 e6 2. d4 d5 3. Nc3 dxe4 4. Nxe4 Bd7 5. Nf3 Bc6 6. Bd3 Nd7 7. c3 Bxe4 8. Bxe4 c6 9. Qe2 Bd6 10. Bg5 Ngf6 11. 0-0-0 Qa5 12. Bb1 0-0-0 13. Rhe1 h6 14. Bh4 Bf4+ 15. Nd2 Nb6 16. Bxf6 gxf6 17. g3 Bb8 18. Nb3 Qd5 19. Be4 Qd6 20. f4 f5 21. Bf3 Bc7 22. Kb1 Rhe8 23. Nc5 Qf8 24. Bxc6 Kb8 25. Nxb7 1-0

[Event "An Pasan Alcor Christmas"]
[Site "Sofia"]
[Date "2016.12.29"]
[Round "6.2"]
[White "Fluerariu, Radu Cristian"]
[Black "Pavlov, Vladimir"]
[Result "1-0"]
[WhiteElo "2021"]
[BlackElo "1903"]
[PlyCount "77"]
[EventDate "2016.12.26"]
[EventType "team-schev"]
[EventRounds "6"]
[EventCountry "BUL"]
[SourceTitle "CBM 176 Extra"]
[Source "ChessBase"]
[SourceDate "2017.03.02"]
[SourceVersion "1"]
[SourceVersionDate "2017.03.02"]
[SourceQuality "1"]
[WhiteTeam "Alcor"]
[BlackTeam "An Pasan"]
[WhiteTeamCountry "ROU"]
[BlackTeamCountry "BUL"]

1. e4 c5 2. c3 e6 3. Nf3 Nc6 4. d4 d5 5. e5 Qb6 6. Be2 cxd4 7. cxd4 Nge7 8. Na3 Nf5 9. Nc2 Nb4 10. Nxb4 Bxb4+ 11. Bd2 Nxd4 12. Nxd4 Qxd4 13. Qa4+ Bd7 14. Qxb4 Qxe5 15. Bf4 Qf5 16. 0-0 Bc6 17. Bg3 a6 18. a4 h5 19. h3 e5 20. Qd6 f6 21. Bxa6 Kf7 22. Bxb7 Bxb7 23. Qc7+ Kg6 24. Qxb7 h4 25. Bh2 d4 26. f3 Rhb8 27. Qd5 Qd3 28. Rfe1 Ra7 29. Bxe5 Qf5 30. Qxd4 Rbb7 31. Bf4 Kh5 32. Be3 Ra6 33. Bf2 g5 34. b4 Qc2 35. b5 Ra8 36. Qxf6 Rxa4 37. Rxa4 Qxa4 38. b6 Qb5 39. Qh8+ 1-0

[Event "An Pasan Alcor Christmas"]
[Site "Sofia"]
[Date "2016.12.27"]
[Round "3.2"]
[White "Pavlov, Vladimir"]
[Black "Stepanencu, Nicodim Cosmin"]
[Result "1-0"]
[WhiteElo "1903"]
[BlackElo "1688"]
[PlyCount "45"]
[EventDate "2016.12.26"]
[EventType "team-schev"]
[EventRounds "6"]
[EventCountry "BUL"]
[SourceTitle "CBM 176 Extra"]
[Source "ChessBase"]
[SourceDate "2017.03.02"]
[SourceVersion "1"]
[SourceVersionDate "2017.03.02"]
[SourceQuality "1"]
[WhiteTeam "An Pasan"]
[BlackTeam "Alcor"]
[WhiteTeamCountry "BUL"]
[BlackTeamCountry "ROU"]

1. e4 c5 2. Nc3 a6 3. f4 Nc6 4. Nf3 g6 5. d3 Bg7 6. Be2 e6 7. Be3 Nd4 8. e5 Nxe2 9. Qxe2 d6 10. Ne4 dxe5 11. fxe5 Bf8 12. Bg5 Qa5+ 13. c3 h6 14. Bf6 Nxf6 15. Nxf6+ Ke7 16. 0-0 Bg7 17. Nd2 Qc7 18. Nc4 Rd8 19. Rf2 b5 20. Nd6 Rxd6 21. exd6+ Qxd6 22. Qf3 Ra7 23. Ne4 1-0

[Event "EU Union-ch U12"]
[Site "Kouty nad Desnou"]
[Date "2016.08.13"]
[Round "8"]
[White "Turcan, Richard"]
[Black "Pavlov, Vladimir"]
[Result "1-0"]
[WhiteElo "1903"]
[BlackElo "1781"]
[PlyCount "63"]
[EventDate "2016.08.06"]
[EventType "swiss"]
[EventRounds "9"]
[EventCountry "CZE"]
[SourceTitle "CBM 174 Extra"]
[Source "ChessBase"]
[SourceDate "2016.10.10"]
[SourceVersion "1"]
[SourceVersionDate "2016.10.10"]
[SourceQuality "1"]

1. d4 Nf6 2. c4 e6 3. Nc3 Bb4 4. Qc2 Nc6 5. Nf3 0-0 6. e4 Bxc3+ 7. bxc3 d6 8. Ba3 Ne8 9. Bd3 Kh8 10. 0-0 b6 11. Rad1 Qe7 12. e5 f5 13. exf6 Nxf6 14. Rfe1 Nd8 15. Ng5 g6 16. Ne4 Bb7 17. Bc1 Nf7 18. Ng5 Nxg5 19. Bxg5 Qf7 20. Re2 a5 21. Rde1 Rae8 22. f3 Nh5 23. Be4 Ba6 24. Bc6 Bxc4 25. Bxe8 Qxe8 26. Re3 Kg7 27. Qc1 Rf7 28. Rxe6 Bxe6 29. d5 Nf6 30. dxe6 Re7 31. Qf4 Rxe6 32. Qxf6+ 1-0

[Event "EU Union-ch U12"]
[Site "Kouty nad Desnou"]
[Date "2016.08.12"]
[Round "7"]
[White "Redzisz, Michal"]
[Black "Pavlov, Vladimir"]
[Result "1/2-1/2"]
[WhiteElo "1834"]
[BlackElo "1781"]
[PlyCount "60"]
[EventDate "2016.08.06"]
[EventType "swiss"]
[EventRounds "9"]
[EventCountry "CZE"]
[SourceTitle "CBM 174 Extra"]
[Source "ChessBase"]
[SourceDate "2016.10.10"]
[SourceVersion "1"]
[SourceVersionDate "2016.10.10"]
[SourceQuality "1"]

1. e4 c5 2. c4 Nc6 3. Nc3 g6 4. g3 Bg7 5. Bg2 e6 6. d3 Nge7 7. Nge2 0-0 8. 0-0 Nd4 9. Be3 Nec6 10. Qd2 Qb6 11. Rab1 a6 12. f4 d6 13. g4 f5 14. exf5 exf5 15. g5 Re8 16. Ng3 Qd8 17. Kh1 Rb8 18. h4 Be6 19. Bg1 Ne7 20. Rbe1 Qd7 21. Nge2 Nec6 22. Nd5 b5 23. Nec3 Bf7 24. Ne3 Nb4 25. b3 Nbc6 26. Ncd5 b4 27. Nc2 a5 28. Nxd4 Nxd4 29. Rxe8+ Rxe8 30. Re1 a4 1/2-1/2

[Event "EU Union-ch U12"]
[Site "Kouty nad Desnou"]
[Date "2016.08.10"]
[Round "5"]
[White "Englert, Jon"]
[Black "Pavlov, Vladimir"]
[Result "1/2-1/2"]
[WhiteElo "1797"]
[BlackElo "1781"]
[PlyCount "48"]
[EventDate "2016.08.06"]
[EventType "swiss"]
[EventRounds "9"]
[EventCountry "CZE"]
[SourceTitle "CBM 174 Extra"]
[Source "ChessBase"]
[SourceDate "2016.10.10"]
[SourceVersion "1"]
[SourceVersionDate "2016.10.10"]
[SourceQuality "1"]

1. e4 c5 2. Nf3 e6 3. d4 cxd4 4. Nxd4 a6 5. c4 Qc7 6. Nc3 Nc6 7. Be2 Nf6 8. 0-0 Nxd4 9. Qxd4 Bd6 10. h3 Be5 11. Qd3 0-0 12. f4 Bxc3 13. bxc3 d5 14. cxd5 exd5 15. exd5 Rd8 16. Bf3 Nxd5 17. Bxd5 Qc5+ 18. Be3 Qxd5 19. Qxd5 Rxd5 20. Rfd1 Be6 21. Rxd5 Bxd5 22. a3 Rc8 23. Rd1 Bc6 24. Bd4 f5 1/2-1/2

[Event "FRM-ch op 25th"]
[Site "Struga"]
[Date "2016.07.22"]
[Round "7"]
[White "Disha, Beshim"]
[Black "Pavlov, Vladimir"]
[Result "1-0"]
[WhiteElo "1993"]
[BlackElo "1832"]
[PlyCount "61"]
[EventDate "2016.07.16"]
[EventType "swiss"]
[EventRounds "9"]
[EventCountry "MKD"]
[SourceTitle "CBM 173 Extra"]
[Source "ChessBase"]
[SourceDate "2016.08.29"]
[SourceVersion "1"]
[SourceVersionDate "2016.08.29"]
[SourceQuality "1"]

1. d4 Nf6 2. Nf3 e6 3. c4 b6 4. a3 Bb7 5. Nc3 d6 6. Bg5 h6 7. Bh4 Nbd7 8. e3 g6 9. Nd2 Bg7 10. f3 0-0 11. Bd3 e5 12. d5 a6 13. 0-0 Qe8 14. Rc1 Nh7 15. b4 f5 16. Qc2 Nhf6 17. h3 a5 18. Nb5 Rc8 19. Bf2 Qe7 20. e4 f4 21. Nb3 axb4 22. axb4 Ne8 23. Ra1 Nb8 24. Ra7 c5 25. bxc5 bxc5 26. Na5 Qd8 27. Nxb7 Qb6 28. Be1 Rf7 29. Ba5 Qxa7 30. Nxa7 Rxb7 31. Nxc8 1-0

[Event "Kyustendil The three beeches op A 2nd"]
[Site "Kyustendil"]
[Date "2016.07.09"]
[Round "5.2"]
[White "Nanovski, Stiliyan"]
[Black "Pavlov, Vladimir"]
[Result "1-0"]
[WhiteElo "1713"]
[BlackElo "1832"]
[PlyCount "91"]
[EventDate "2016.07.07"]
[EventType "swiss"]
[EventRounds "7"]
[EventCountry "BUL"]
[SourceTitle "EXT 2024"]
[Source "ChessBase"]
[SourceDate "2023.10.10"]
[SourceVersion "1"]
[SourceVersionDate "2023.10.10"]
[SourceQuality "1"]

1. c4 e5 2. Nc3 f5 3. g3 d6 4. Bg2 Nf6 5. d3 Be7 6. Nf3 0-0 7. 0-0 c6 8. b4 Qe8 9. Rb1 h6 10. a4 Qh5 11. Qc2 g5 12. b5 Ng4 13. Bb2 e4 14. dxe4 fxe4 15. Qxe4 Rxf3 16. h3 Rf7 17. hxg4 Bxg4 18. Qd4 Bf8 19. Ne4 Bg7 20. Qxd6 Nd7 21. Bxg7 Kxg7 22. bxc6 bxc6 23. Qxc6 Raf8 24. Rb7 Kg8 25. Nd6 Re7 26. Bd5+ Kh8 27. Bf3 Rxf3 28. Rxd7 Rxd7 29. Qc8+ Kh7 30. exf3 Bh3 31. Qc6 Rxd6 32. Qxd6 Qxf3 33. Qd5 Qxd5 34. cxd5 Bxf1 35. Kxf1 Kg7 36. f4 Kf6 37. Kg2 g4 38. Kf2 a5 39. Ke3 Kf5 40. Ke2 Kf6 41. Kf2 h5 42. Ke2 Kg6 43. d6 Kf6 44. f5 Kf7 45. Ke3 Kf6 46. Ke4 1-0

[Event "Kyustendil The three beeches op A 2nd"]
[Site "Kyustendil"]
[Date "2016.07.08"]
[Round "2.2"]
[White "Pavlov, Vladimir"]
[Black "Hristov, Deyan"]
[Result "1-0"]
[WhiteElo "1832"]
[BlackElo "1478"]
[PlyCount "63"]
[EventDate "2016.07.07"]
[EventType "swiss"]
[EventRounds "7"]
[EventCountry "BUL"]
[SourceTitle "EXT 2024"]
[Source "ChessBase"]
[SourceDate "2023.10.10"]
[SourceVersion "1"]
[SourceVersionDate "2023.10.10"]
[SourceQuality "1"]

1. e4 e5 2. Nc3 Nf6 3. Nf3 Nc6 4. Bb5 a6 5. Bxc6 dxc6 6. 0-0 Bd6 7. d4 Bg4 8. dxe5 Bxf3 9. Qxf3 Bxe5 10. Bf4 Qe7 11. Rfe1 Bxf4 12. Qxf4 0-0-0 13. Re3 h6 14. Rg3 g6 15. Rf3 Nd7 16. Qxf7 Qb4 17. Qb3 Qd4 18. Rd1 Qe5 19. Rfd3 Rh7 20. Qc4 Rf8 21. Qd4 Qg5 22. Rg3 Qh5 23. Rgd3 Rhf7 24. f3 b6 25. Qc4 Nc5 26. R3d2 Qg5 27. Kh1 Rxf3 28. gxf3 Rxf3 29. Rg2 Qh4 30. Qg8+ Kb7 31. Qxg6 Qf4 32. Qg4 1-0

[Event "Tri Buki Children's CupT 1st"]
[Site "Tri Buki"]
[Date "2016.02.07"]
[Round "6.1"]
[White "Pavlov, Vladimir"]
[Black "Georgiev, Alexandar"]
[Result "1-0"]
[WhiteElo "1708"]
[BlackElo "1362"]
[PlyCount "121"]
[EventDate "2016.02.04"]
[EventType "team-swiss"]
[EventRounds "6"]
[EventCountry "BUL"]
[SourceTitle "CBM 170 Extra"]
[Source "ChessBase"]
[SourceDate "2016.02.25"]
[SourceVersion "1"]
[SourceVersionDate "2016.02.25"]
[SourceQuality "1"]

1. e4 c6 2. d4 d5 3. e5 Bf5 4. Be3 e6 5. c3 Nd7 6. Bd3 Bxd3 7. Qxd3 Be7 8. Ne2 Bg5 9. f4 Be7 10. 0-0 f5 11. g4 g6 12. gxf5 gxf5 13. Ng3 Qc7 14. Nh5 0-0-0 15. Ng7 Nf8 16. Qe2 c5 17. Na3 c4 18. Nc2 Bh4 19. Nh5 Qf7 20. Bf2 Bxf2+ 21. Rxf2 Nh6 22. Nf6 Nd7 23. Qh5 Nxf6 24. Qxf7 Nxf7 25. exf6 Nd6 26. Rg2 Rhg8 27. Ne3 Rxg2+ 28. Kxg2 Rf8 29. Kf3 Rxf6 30. Rg1 Rg6 31. Rg3 Ne4 32. Rh3 h6 33. Ng2 Kd7 34. Rh5 Nd2+ 35. Kf2 Ne4+ 36. Kf3 Kc6 37. Nh4 Rf6 38. Ke3 b5 39. Nf3 Kb6 40. Ne5 Kc7 41. Rh3 Kb7 42. Rf3 Ka6 43. Rf1 Ka5 44. Rg1 b4 45. Nc6+ Ka6 46. Nxb4+ Kb5 47. Rg7 a5 48. Nc2 Kb6 49. Ne1 Nd6 50. Nf3 Nf7 51. Ne5 Nxe5 52. fxe5 Rf8 53. Rg6 Re8 54. Rxh6 Kb5 55. h4 a4 56. a3 Kc6 57. Kd2 Re7 58. h5 Rf7 59. Rxe6+ Kc7 60. h6 f4 61. Rf6 1-0

[Event "Tri Buki Children's CupT 1st"]
[Site "Tri Buki"]
[Date "2016.02.04"]
[Round "1.1"]
[White "Paraschiv, Paul Alexandru"]
[Black "Pavlov, Vladimir"]
[Result "1-0"]
[WhiteElo "1881"]
[BlackElo "1708"]
[PlyCount "55"]
[EventDate "2016.02.04"]
[EventType "team-swiss"]
[EventRounds "6"]
[EventCountry "BUL"]
[SourceTitle "CBM 170 Extra"]
[Source "ChessBase"]
[SourceDate "2016.02.25"]
[SourceVersion "1"]
[SourceVersionDate "2016.02.25"]
[SourceQuality "1"]

1. d4 f5 2. Bg5 g6 3. c4 Bg7 4. Nc3 Nc6 5. Nf3 h6 6. Bf4 g5 7. Be3 d6 8. g3 e5 9. dxe5 Nxe5 10. Nxe5 dxe5 11. Qxd8+ Kxd8 12. 0-0-0+ Bd7 13. Bg2 c6 14. Rd6 Kc7 15. Rhd1 Nf6 16. f4 Rad8 17. fxe5 Ne8 18. R6d3 Bxe5 19. Bxa7 Nf6 20. Bc5 b6 21. Be7 Ng4 22. Bxd8+ Rxd8 23. R1d2 f4 24. Bh3 Bf6 25. Rxd7+ Rxd7 26. Rxd7+ Kxd7 27. Bxg4+ Kd6 28. Ne4+ 1-0

[Event "Sofia MGU op 158th"]
[Site "Sofia"]
[Date "2015.12.27"]
[Round "4"]
[White "Pavlov, Vladimir"]
[Black "Kostov, Nikolai"]
[Result "0-1"]
[WhiteElo "1723"]
[BlackElo "1799"]
[PlyCount "68"]
[EventDate "2015.12.26"]
[EventType "swiss"]
[EventRounds "6"]
[EventCountry "BUL"]
[SourceTitle "CBM 170 Extra"]
[Source "ChessBase"]
[SourceDate "2016.02.25"]
[SourceVersion "1"]
[SourceVersionDate "2016.02.25"]
[SourceQuality "1"]

1. e4 e5 2. Nc3 Nf6 3. Nge2 d5 4. exd5 c6 5. d6 Bxd6 6. d3 h6 7. g3 0-0 8. Bg2 Qe7 9. 0-0 Rd8 10. f4 Bc5+ 11. Kh1 exf4 12. Nxf4 Bg4 13. Qe1 Qd7 14. Be3 Re8 15. Ne4 Nxe4 16. Bxe4 Bxe3 17. Qxe3 f5 18. Ng6 fxe4 19. dxe4 Qe6 20. Nf4 Qxe4+ 21. Qxe4 Rxe4 22. h3 Bf5 23. g4 Bh7 24. Rad1 Na6 25. Nh5 Re7 26. Rd2 Nb4 27. c3 Nd5 28. c4 Ne3 29. Rc1 Be4+ 30. Kg1 Rf8 31. Rc3 Rf1+ 32. Kh2 Re1 33. Ng3 Rf7 34. Rd8+ Kh7 0-1

[Event "Veliko Gradiste Silver Lake op-B"]
[Site "Veliko Gradiste"]
[Date "2015.06.24"]
[Round "5"]
[White "Ilic, Slobodan S"]
[Black "Pavlov, Vladimir"]
[Result "1-0"]
[WhiteElo "1970"]
[BlackElo "1655"]
[PlyCount "99"]
[EventDate "2015.06.20"]
[EventType "swiss"]
[EventRounds "9"]
[EventCountry "SRB"]
[SourceTitle "CBM 167 Extra"]
[Source "ChessBase"]
[SourceDate "2015.09.14"]
[SourceVersion "1"]
[SourceVersionDate "2015.09.14"]
[SourceQuality "1"]

1. e4 d5 2. exd5 Qxd5 3. Nc3 Qa5 4. Bc4 Nf6 5. d3 c6 6. h3 Bf5 7. Nf3 e6 8. 0-0 Bd6 9. Re1 Nbd7 10. Bd2 Qc7 11. a4 a5 12. Qe2 0-0 13. Nh4 Bg6 14. Nxg6 hxg6 15. Ba2 Nb6 16. Qf3 Rfd8 17. Bg5 Be7 18. Bf4 Bd6 19. Bc1 Rd7 20. Bb3 Rad8 21. Ne2 Nbd5 22. d4 b6 23. c3 Be7 24. Bg5 Ne8 25. h4 Bxg5 26. hxg5 Nd6 27. g3 Nf5 28. Kg2 Qd6 29. Rh1 Qe7 30. Bxd5 exd5 31. Qg4 Qe4+ 32. Qxe4 dxe4 33. g4 Ne7 34. Ng3 c5 35. dxc5 bxc5 36. Nxe4 c4 37. Rh3 Rd1 38. Rh1 Rxa1 39. Rxa1 Nc6 40. f4 Rd3 41. Re1 Kf8 42. Re2 Ne7 43. Nf2 Rd5 44. Kf3 Ke8 45. Re4 Rc5 46. Rd4 Nc6 47. Rd2 Nb8 48. Ne4 Rc7 49. Rd4 Rc6 50. Rxc4 1-0

[Event "Varna op U10"]
[Site "Varna"]
[Date "2013.07.01"]
[Round "7"]
[White "Pavlov, Vladimir"]
[Black "Sarbu, Adela"]
[Result "1-0"]
[WhiteElo "2106"]
[BlackElo "1307"]
[PlyCount "87"]
[EventDate "2013.06.24"]
[EventType "swiss"]
[EventRounds "9"]
[EventCountry "BUL"]
[SourceTitle "EXT 2014"]
[Source "ChessBase"]
[SourceDate "2013.11.20"]
[SourceVersion "1"]
[SourceVersionDate "2013.11.20"]
[SourceQuality "1"]

1. e4 c5 2. Nf3 e6 3. c3 Qc7 4. a3 a6 5. d4 cxd4 6. cxd4 b5 7. Be3 Bb7 8. Bd3 d6 9. Nbd2 Nd7 10. Rc1 Qd8 11. 0-0 Rc8 12. Qe2 Be7 13. h3 Ngf6 14. Nh2 0-0 15. f4 Nb6 16. Ng4 Nbd7 17. b4 a5 18. Nf2 axb4 19. axb4 Rxc1 20. Rxc1 Qa8 21. Bxb5 Nb6 22. d5 Nc8 23. dxe6 fxe6 24. Qc4 d5 25. exd5 Bxd5 26. Bc6 Bxc4 27. Bxa8 Bd5 28. Bxd5 Nxd5 29. Bc5 Bxc5 30. Rxc5 Nxb4 31. Rc4 Nd5 32. g3 Nce7 33. Re4 Rf6 34. Ng4 Rg6 35. Nf3 e5 36. Rxe5 Ra6 37. Re2 Ra3 38. Kg2 h5 39. Nge5 Nf5 40. Rd2 Nde3+ 41. Kf2 Ra1 42. Rd8+ Kh7 43. Ng5+ Kh6 44. Rh8# 1-0